000 00792nam2a22002411 4500
001 v19\rc\2053069
005 20081111133834.0
035 _a(NLR Aleph) 005146419
090 _a4856857
_c4856857
100 _a20081111d1909 |||y0rusy50 ca
101 1 _arus
_cfre
102 _aRU
105 _ay z |||||
200 1 _aДьявольские маски
210 _d[1909]
461 0 _1001v19\rc\2052961
_12001#$aУниверсальная библиотека$e№ 1$v№ 126
700 1 _aБарбе д'Оревильи
_bЖ. А.
_f1808-1889
_gЖюль Амедей
790 1 _aОревильи
_bЖ. А. Б. д'
_f1808-1889
_gЖюль Амадей Барбе д'
801 0 _aRU
_bNLR
_gpsbo
801 1 _aRU
_bProSoft-M
_2rusmarc
852 _aNLR
_j37.35.11.1
942 _cBOOK
980 _aNB